Taylor Swift song - one word at the time #17 - Statistics

General Stats
  • This quiz has been taken 23 times
  • The average score is 320 of 455
Answer Stats
Answer % Correct
a
100%
I'm
100%
I
100%
I'll
100%
I'm
100%
I've
100%
the
100%
The
100%
love
94%
to
94%
you
94%
You
94%
you're
94%
for
89%
on
89%
And
83%
and
83%
do
83%
go
83%
is
83%
Is
83%
me
83%
We
83%
we
83%
we're
83%
are
78%
in
78%
my
78%
My
78%
of
78%
one
78%
where
78%
your
78%
Your
78%
all
72%
girl
72%
Now
72%
off
72%
out
72%
at
67%
have
67%
heart
67%
let
67%
Like
67%
like
67%
Never
67%
never
67%
not
67%
Say
67%
alone
61%
beat
61%
been
61%
mind
61%
Reputation
61%
soul
61%
their
61%
up
61%
Up
61%
want
61%
With
61%
with
61%
Baby
56%
beer
56%
better
56%
body
56%
Body
56%
boys
56%
calling
56%
city's
56%
crush
56%
cups
56%
Drinking
56%
end
56%
endings
56%
I'll
56%
King
56%
night
56%
oh-whoa
56%
once
56%
own
56%
plastic
56%
room
56%
school
56%
these
56%
this
56%
took
56%
try
56%
waiting
56%
ago
50%
American
50%
asleep
50%
being
50%
bones
50%
broken
50%
cars
50%
Cause
50%
Change
50%
clothes
50%
dying
50%
enough
50%
expensive
50%
fancy
50%
few
50%
fine
50%
hoping
50%
idea
50%
inside
50%
Jaguars
50%
keep
50%
kingdom
50%
King Of My Heart
50%
lips
50%
live
50%
luxury
50%
made
50%
mending
50%
met
50%
Motown
50%
move
50%
nights
50%
perfectly
50%
priorities
50%
queen
50%
Range
50%
roof
50%
Rovers
50%
rule
50%
secret
50%
spending
50%
stuff
50%
taste
50%
trying
50%
weeks
50%
dreaming
44%
Late
44%
quite
44%
Salute
44%
No matching quizzes found
Score Distribution
Percent of People with Each Score
Percentile by Number Answered
Your Score History
You have not taken this quiz